| 000 | 00736nam a22002297a 4500 | ||
|---|---|---|---|
| 003 | OSt | ||
| 005 | 20260204030438.0 | ||
| 008 | 260204b |||||||| |||| 00| 0 eng d | ||
| 020 | _a971-510-150-X. | ||
| 040 |
_aDWC-Main lib _cOC |
||
| 082 |
_2Revised Orbis edition _aCirc. 260 F954c 2004 |
||
| 100 | _aFuellenbach, John | ||
| 245 |
_aChurch : _bcommunity for the Kingdom _cJohn, Fuellenbach |
||
| 260 |
_aManila : _bLogos Publications, _cc2004. |
||
| 300 |
_axiv, 238 pages ; _c23 cm. |
||
| 504 | _aIncludes bibliographical references and index. | ||
| 650 | _a1. Church-Doctrines. | ||
| 650 | _a2. Church. | ||
| 650 | _a3. Kingdom of God. | ||
| 650 | _a4. Mission of the church. | ||
| 942 |
_2ddc _cBK-CIRC _eRev. Orbis ed. _kCirc. _n0 |
||
| 999 |
_c8247 _d8247 |
||